Aviation photo quiz - Statistics

General Stats
  • This quiz has been taken 2,164 times
  • The average score is 8 of 12
Answer Stats
Picture Answer % Correct
Boeing 747
97%
Airbus A-380
92%
General Dynamics F-16 Fighting Falcon
81%
Antonov An-225 Mriya
77%
Fairchild Republic A-10 Thunderbolt II
75%
Supermarine Spitfire
71%
Boeing CH-47 Chinook
70%
Lockheed C-5 Galaxy
68%
Eurofighter Typhoon
62%
Mig-29 Fulcrum
41%
Messerschmitt Bf 109
40%
Consolidated B-24 Liberator
33%
No matching quizzes found
Score Distribution
Percent of People with Each Score
Percentile by Number Answered
Your Score History
You have not taken this quiz